| 000 | 00698nam a2200217 a 4500 | ||
|---|---|---|---|
| 005 | 20171114093600.0 | ||
| 008 | 171114s1993 ck a||||r|||| 00| 0 spa d | ||
| 040 |
_aCO-BoIAVH _cCO-BoIAVH |
||
| 041 | 0 | _aspa | |
| 044 | _ack | ||
| 082 | 0 | 4 |
_a639.27 _bF53a |
| 100 | 1 |
_aArias Arias, Plinio Antonio _eautor |
|
| 245 | 1 | 0 | _aArtes y métodos de pesca en aguas continentales de Colombia / |
| 260 |
_aBogotá : _bINPA, _c1993. |
||
| 300 |
_a39 páginas : _bilustraciones ; _c28 x 23 cm. |
||
| 504 | _aIncluye referencias bibliográficas. | ||
| 650 | 2 | 6 |
_aPeces _zColombia |
| 650 | 2 | 6 |
_aRecursos pesqueros _zColombia |
| 650 | 2 | 6 |
_aPesca artesanal _zColombia |
| 942 |
_cLIBRO _2ddc |
||
| 999 |
_c173 _d173 |
||